ბათუმის შოთა რუსთაველის სახელმწიფო უნივერსიტეტის ბიბლიოთეკა

Hospitality Strategic Management:Concepts and cases / (ბიბ.ჩანაწერი № 45269)

000 -LEADER
fixed length control field 00949nam a2200253Ia 4500
001 - CONTROL NUMBER
control field 12093
003 - CONTROL NUMBER IDENTIFIER
control field GE_BSU
005 - DATE AND TIME OF LATEST TRANSACTION
control field 20211130114049.0
008 - FIXED-LENGTH DATA ELEMENTS--GENERAL INFORMATION
fixed length control field 181216s2010||||enk|||||||||||||| ||eng||
020 ## - INTERNATIONAL STANDARD BOOK NUMBER
International Standard Book Number 9780470083598
040 ## - CATALOGING SOURCE
Transcribing agency GE_BSU
041 ## - LANGUAGE CODE
Language code of text/sound track or separate title eng
080 ## - UNIVERSAL DECIMAL CLASSIFICATION NUMBER
Universal Decimal Classification number 658 E-54
100 ## - MAIN ENTRY--PERSONAL NAME
Personal name Enz, Cathy A.
9 (RLIN) 13111
245 ## - TITLE STATEMENT
Title Hospitality Strategic Management:Concepts and cases /
Statement of responsibility, etc. Enz, Cathy A.
250 ## - EDITION STATEMENT
Edition statement Second Edition
264 ## - PRODUCTION, PUBLICATION, DISTRIBUTION, MANUFACTURE, AND COPYRIGHT NOTICE
Place of production, publication, distribution, manufacture USA :
Name of producer, publisher, distributor, manufacturer Wiley,
Date of production, publication, distribution, manufacture, or copyright notice 2010.
300 ## - PHYSICAL DESCRIPTION
Extent 676p.24cm.
653 ## - INDEX TERM--UNCONTROLLED
keyword Hospitality Strategic Management:Concepts and cases
653 ## - INDEX TERM--UNCONTROLLED
keyword Стратегический менеджмент в сфере гостеприимства: концепции и кейсы
653 ## - INDEX TERM--UNCONTROLLED
keyword სტუმართმოყვარეობის სტრატეგიული მენეჯმენტი: ცნებები და შემთხვევები
942 ## - ADDED ENTRY ELEMENTS (KOHA)
Koha item type წიგნი
Source of classification or shelving scheme
ეგზემპლარები
Withdrawn status Lost status Source of classification or shelving scheme Damaged status Not for loan Permanent Location Current Location Shelving location Date acquired Cost, normal purchase price Full call number Barcode Date last seen Copy number Price effective from Koha item type Public note
          ბათუმის შოთა რუსთაველის სახელმწიფო უნივერსიტეტის მთავარი ბიბლიოთეკა ბათუმის შოთა რუსთაველის სახელმწიფო უნივერსიტეტის მთავარი ბიბლიოთეკა წიგნსაცავი 2018-12-17 171.00 658 E-54 35959 2018-12-17 35959 2018-12-17 წიგნი 171 ლ.